LDR 00864naa#a2200205#i#450# 001 EN\\bibl\123005 005 20260605005219.5 011 ## _a2686-9896 100 ## _a20260515b2026####ek#y0engy0150####ca 102 ## _aRU 200 1# _aFEATURES OF ELECTRIC SUPPLY OF AN OIL PUMPING STATION _eJournal article 210 1# _aAngarsk _cFederal State Funded Educational Establishment of Higher Education «Angarsk State Technical University» _d2026 215 ## _a1 с. 608 ## _aJournal article _2local 675 ## _aОбщее машиностроение. Ядерная техника. Электротехника. Технология машиностроения в целом. 621 _z 700 #1 _aArsent'ev _gOleg Vasil'evich 700 #1 _aKorpan _gVadim Yaroslavovich 700 #1 _aTkach _gDenis Sergeevich 700 #1 _aZaitsev _gStanislav Alexandrovich 856 4# _aangtu.editorum.ru _u